| 000 | 01684cam a22004694i 4500 | ||
|---|---|---|---|
| 003 | PE-LiUPU | ||
| 005 | 20250731173537.0 | ||
| 008 | 150616s r 000 0 d | ||
| 020 | _a0802804578 | ||
| 035 | _a(Sirsi) i9780802804570 | ||
| 040 |
_aPE-LiUPU _bspa _cPE-LiUPU _erda |
||
| 049 | _aPRUA | ||
| 082 | 0 | 4 |
_a263.1 _bD33 _221 |
| 100 | 1 |
_aDawn, Marva J., _eautor. |
|
| 245 | 1 | 0 | _aKeeping the Sabbath Wholly: Ceasing, Resting, Embracing, Feasting. |
| 264 | 1 |
_aGrand Rapids, Michigan : _bWilliam B. Eerdmans Publishing Company, _c1989. |
|
| 300 |
_a217 páginas ; _c21 centímetros |
||
| 336 |
_atext _2rdacontent |
||
| 337 |
_aunmediated _2rdamedia |
||
| 338 |
_avolume _2rdacarrier |
||
| 504 | _aBibliografía: páginas 214-217. | ||
| 505 | 0 | _aCeasing.- Ceasing work.- Ceasing our possessiveness.- Resting.- Spiritual rest.- Intellectual rest.- Embracing.- Embracing intentionality.- Embrancing the world.- Feasting. | |
| 526 | _aSEG42 | ||
| 526 | _aSEG41 | ||
| 526 | _aSEG40 | ||
| 526 | _aSEG39 | ||
| 526 | _aP94 | ||
| 526 | _aP87 | ||
| 526 | _aP86 | ||
| 526 | _aP85 | ||
| 526 | _aP77 | ||
| 526 | _aP76 | ||
| 526 | _aP35 | ||
| 650 | 0 | 4 | _aSABADO BIBLICO - OBSERVANCIA. |
| 910 |
_ajck _bjvq _cjck |
||
| 942 |
_2ddc _cBOOK |
||
| 949 |
_a263.1 D33 _wDEWEY _c1 _i42482 _lCCODEBUL1 _mBUL _r0 _sY _tBOOK _u2015-6-16 _xTEOLOGIA _zUNKNOWN _0COMPRA _o.STAFF. Colección General |
||
| 994 |
_aC0 _bPEPRU |
||
| 596 | _a1 | ||
| 999 |
_a263.1 D33 _wDEWEY _c60315 _i42482 _f2021-11-12 _g5 _lCCODEBUL1 _mBUL _r0 _sY _tBOOK _u2015-6-16 _xTEOLOGIA _zUNKNOWN _0COMPRA _o.STAFF. Colección General _d60315 |
||
| 980 |
_81 _gALBERTO SANCHEZ Responsable de Automatización |
||